25 Largest Cities in Australia Quiz Stats

 Plays Quiz not verified by Sporcle

Challenge
Share
Tweet
Embed
Score 0/25 Timer 05:00
1 Play Today
Population City % Correct
4,399,722Sydney
98.9%
3,892,419Melbourne
96.9%
1,602,599Perth
96.7%
1,945,639Brisbane
93.8%
1,172,105Adelaide
91.6%
345,257Canberra
89.6%
209,287Hobart
82.1%
120,652Darwin
81.4%
142,001Cairns
70%
531,191Newcastle
65.6%
162,730Townsville
57.3%
172,300Geelong
53.5%
284,169Wollongong
49.6%
Population City % Correct
104,649Launceston
47.9%
237,562Sunshine Coast
45.2%
91,787Ballarat
39.1%
75,497 Rockhampton
35.2%
88,031Bendigo
34.5%
125,399Toowoomba
34.5%
81,148Mackay
28.6%
102,894Albury-Wodonga
23.7%
558,888Gold Coast-Tweed
20.7%
78,612Mandurah
13.9%
81,144Burnie-Devonport
11%
78,531La Trobe Valley
10.4%

You're not logged in!

Compare scores with friends on all Sporcle quizzes.
OR
Log In

You Might Also Like...

Show Comments

Extras

Top Quizzes Today


Score Distribution

Your Account Isn't Verified!

In order to create a playlist on Sporcle, you need to verify the email address you used during registration. Go to your Sporcle Settings to finish the process.

Report this User

Report this user for behavior that violates our Community Guidelines.

Details: